[Event "Sunningdale e2e4 U2050 op 05"]
[Site "Sunningdale"]
[Date "2014.05.24"]
[Round "2"]
[White "Othman, Mustapha"]
[Black "McGovern, Derek P"]
[Result "1-0"]
[WhiteElo "1956"]
[BlackElo "1818"]
[PlyCount "47"]
[EventDate "2014.05.23"]
[EventType "swiss"]
[EventRounds "7"]
[EventCountry "ENG"]
[SourceTitle "EXT 2015"]
[Source "ChessBase"]
[SourceDate "2014.11.20"]
[SourceVersion "1"]
[SourceVersionDate "2014.11.20"]
[SourceQuality "1"]

1. e4 e5 2. Nf3 Nf6 3. Nxe5 d6 4. Nf3 Nxe4 5. Nc3 Nf6 6. d4 d5 7. Bg5 Be7 8. Bd3 Nc6 9. h3 0-0 10. 0-0 Nb4 11. Re1 Nxd3 12. Qxd3 Be6 13. Re3 c6 14. Rae1 Nh5 15. Bxe7 Qxe7 16. Ne2 Qc7 17. Re5 Nf6 18. Nf4 Bd7 19. Nh5 Ne4 20. Ng5 Nxg5 21. Rxg5 g6 22. Re7 Qd6 23. Rxd7 Qb4 24. Qe3 1-0

[Event "Sunningdale e2e4 op U2000 07"]
[Site "Sunningdale"]
[Date "2013.07.06"]
[Round "2"]
[White "Crockett, Stephen J"]
[Black "McGovern, Derek P"]
[Result "0-1"]
[WhiteElo "1586"]
[BlackElo "1784"]
[PlyCount "82"]
[EventDate "2013.07.05"]
[EventType "swiss"]
[EventRounds "7"]
[EventCountry "ENG"]
[SourceTitle "EXT 2014"]
[Source "ChessBase"]
[SourceDate "2013.11.20"]
[SourceVersion "1"]
[SourceVersionDate "2013.11.20"]
[SourceQuality "1"]

1. d4 f5 2. Nc3 Nf6 3. Bg5 e6 4. e4 fxe4 5. Nxe4 Be7 6. Nxf6+ Bxf6 7. Bxf6 Qxf6 8. Nf3 b6 9. Be2 Bb7 10. Qd2 Nc6 11. 0-0-0 0-0-0 12. Qg5 Qf7 13. Rhe1 h6 14. Qe3 Rhf8 15. Kb1 Nb4 16. Qa3 a5 17. Rd2 Qf4 18. Red1 Bd5 19. c4 Be4+ 20. Bd3 Bxd3+ 21. Rxd3 Nxd3 22. Rxd3 Qe4 23. Kc1 Qe2 24. Rd2 Qf1+ 25. Kc2 Qxg2 26. Ne5 Rxf2 27. Qe3 Rdf8 28. Kd3 Rxd2+ 29. Qxd2 Rf2 30. Qe3 Rxb2 31. Qf3 Qxf3+ 32. Nxf3 Rxa2 33. Ke4 Rf2 34. Ke3 Rxf3+ 35. Kxf3 a4 36. Ke4 a3 37. d5 exd5+ 38. cxd5 a2 39. Kf5 a1Q 40. Kg6 Qf6+ 41. Kh7 g5 0-1

[Event "Sunningdale e2e4 op U2000 07"]
[Site "Sunningdale"]
[Date "2013.07.06"]
[Round "3"]
[White "McGovern, Derek P"]
[Black "Hill, Luke"]
[Result "1/2-1/2"]
[WhiteElo "1784"]
[BlackElo "1898"]
[PlyCount "54"]
[EventDate "2013.07.05"]
[EventType "swiss"]
[EventRounds "7"]
[EventCountry "ENG"]
[SourceTitle "EXT 2014"]
[Source "ChessBase"]
[SourceDate "2013.11.20"]
[SourceVersion "1"]
[SourceVersionDate "2013.11.20"]
[SourceQuality "1"]

1. e4 d5 2. exd5 Nf6 3. Nc3 Nxd5 4. Bc4 Nb6 5. Bb3 Nc6 6. Nf3 Bf5 7. d3 e6 8. a3 Be7 9. Bf4 0-0 10. h3 Rc8 11. 0-0 Bf6 12. Re1 Nd4 13. Nxd4 Bxd4 14. Be5 c6 15. Qf3 Bxe5 16. Rxe5 Nd5 17. Rae1 Nxc3 18. bxc3 Qd6 19. a4 Rfd8 20. R5e3 b5 21. axb5 cxb5 22. Qb7 a6 23. c4 Rb8 24. Qf3 b4 25. Ba4 Rdc8 26. Re5 Bg6 27. Qe3 h6 1/2-1/2

[Event "Sunningdale e2e4 op U2050 05"]
[Site "Sunningdale"]
[Date "2013.05.25"]
[Round "2"]
[White "Nayak, Raghav"]
[Black "McGovern, Derek P"]
[Result "1/2-1/2"]
[WhiteElo "1577"]
[BlackElo "1809"]
[PlyCount "44"]
[EventDate "2013.05.24"]
[EventType "swiss"]
[EventRounds "7"]
[EventCountry "ENG"]
[SourceTitle "EXT 2014"]
[Source "ChessBase"]
[SourceDate "2013.11.20"]
[SourceVersion "1"]
[SourceVersionDate "2013.11.20"]
[SourceQuality "1"]

1. e4 d5 2. exd5 Qxd5 3. Nc3 Qa5 4. d4 Nf6 5. Nf3 c6 6. Be2 Bf5 7. Bd2 e6 8. Nh4 Bg6 9. Ne4 Qc7 10. Nxg6 hxg6 11. Nxf6+ gxf6 12. g3 Nd7 13. c4 Bh6 14. Bxh6 Rxh6 15. Qd2 g5 16. 0-0-0 0-0-0 17. Qc3 Rdh8 18. Qa3 Kb8 19. h3 Nb6 20. g4 Rd8 21. Qe3 Rhh8 22. Kb1 Qe7 1/2-1/2

[Event "BCF-chT4 0506 (4NCL)"]
[Site "West Bromwich"]
[Date "2006.03.19"]
[Round "8.2"]
[White "Yeo, Gareth"]
[Black "McGovern, Derek P"]
[Result "1/2-1/2"]
[WhiteElo "1836"]
[BlackElo "1970"]
[PlyCount "55"]
[EventDate "2005.11.05"]
[EventType "team-tourn"]
[EventRounds "11"]
[EventCountry "ENG"]
[SourceTitle "CBM 109 Extra"]
[Source "ChessBase"]
[SourceDate "2006.01.03"]
[SourceVersion "2"]
[SourceVersionDate "2006.01.03"]
[SourceQuality "1"]
[WhiteTeam "King takes Pawn"]
[BlackTeam "Athenaeum II"]
[WhiteTeamCountry "ENG"]
[BlackTeamCountry "ENG"]

1. d4 f5 2. Bg5 g6 3. Nd2 Bg7 4. e4 fxe4 5. Nxe4 d5 6. Nc5 b6 7. Nb3 Nf6 8. Nf3 Qd6 9. c3 Nbd7 10. Be2 0-0 11. 0-0 e5 12. dxe5 Nxe5 13. Nbd4 Bb7 14. Nxe5 Qxe5 15. Nf3 Qd6 16. Qb3 Ne4 17. Bh4 Kh8 18. Rad1 Rae8 19. Bd3 c5 20. Bxe4 Rxe4 21. Bg3 Qe7 22. h4 Qe6 23. Ng5 Qg4 24. Nxe4 dxe4 25. c4 Bd4 26. Kh2 g5 27. Rxd4 cxd4 28. Qb4 1/2-1/2

[Event "Southend op"]
[Site "London"]
[Date "2001.04.14"]
[Round "4"]
[White "McGovern, Derek P"]
[Black "Grainger, Frank"]
[Result "1/2-1/2"]
[WhiteElo "1760"]
[BlackElo "1480"]
[PlyCount "44"]
[EventDate "2001.04.13"]
[EventType "swiss"]
[EventRounds "7"]
[EventCountry "ENG"]
[SourceTitle "EXT 2006"]
[Source "ChessBase"]
[SourceDate "2005.11.24"]
[SourceVersion "1"]
[SourceVersionDate "2005.11.24"]
[SourceQuality "1"]

1. e4 e6 2. d4 d5 3. e5 c5 4. c3 Nc6 5. Nf3 cxd4 6. cxd4 Nge7 7. Be2 Ng6 8. 0-0 f6 9. exf6 Qxf6 10. Bg5 Qf7 11. Nc3 Bd6 12. Nb5 Bb8 13. Qb3 a6 14. Qa3 Kd7 15. Rac1 Nf4 16. Bd1 h6 17. Bh4 g5 18. Bg3 Qf6 19. Qa4 Ke7 20. Qa3+ Kd7 21. Qa4 Ke7 22. Qa3+ Kd7 1/2-1/2

[Event "Southend op"]
[Site "London"]
[Date "2001.04.14"]
[Round "3"]
[White "Saujani, Kaushik"]
[Black "McGovern, Derek P"]
[Result "1/2-1/2"]
[WhiteElo "1512"]
[BlackElo "1760"]
[PlyCount "30"]
[EventDate "2001.04.13"]
[EventType "swiss"]
[EventRounds "7"]
[EventCountry "ENG"]
[SourceTitle "EXT 2006"]
[Source "ChessBase"]
[SourceDate "2005.11.24"]
[SourceVersion "1"]
[SourceVersionDate "2005.11.24"]
[SourceQuality "1"]

1. d4 d5 2. Nf3 Nf6 3. Bg5 e6 4. Nbd2 Be7 5. e3 Nbd7 6. Bd3 0-0 7. 0-0 b6 8. Ne5 Bb7 9. Qf3 h6 10. Bxh6 gxh6 11. Qg3+ Kh8 12. Qf4 Kg7 13. Qg3+ Kh8 14. Qf4 Kg7 15. Qg3+ Kh8 1/2-1/2